| 000 | 00000cas 2200000zi 4500 |
| 001 | 9.886947 |
| 003 | CaOODSP |
| 005 | 20260211154328 |
| 006 | m o d f |
| 007 | cr cn |||||||| |
| 008 | 150406c20099999mbcar p o s f0 a0eng|d |
| 022 | |a1920-9037 |
| 040 | |aCaOODSP|beng|erda|cCaOODSP |
| 043 | |an-cnp-- |
| 086 | 1 |aA92-16E-PDF |
| 130 | 0 |aQuality of western Canadian lentils (2009) |
| 222 | 0|aQuality of western Canadian lentils |b(2009) |
| 245 | 10|aQuality of western Canadian lentils. |
| 264 | 1|aWinnipeg, MB : |bCanadian Grain Commission = Commission canadienne des grains, |c[2010?]- |
| 310 | |aAnnual |
| 336 | |atext|btxt|2rdacontent |
| 337 | |acomputer|bc|2rdamedia |
| 338 | |aonline resource|bcr|2rdacarrier |
| 362 | 1 |aBegan with: 2009. |
| 500 | |aIssued also in French under title: Qualité des lentilles de l'Ouest canadien. |
| 550 | |aIssued by: Grain Research Laboratory. |
| 580 | |aContinues in part: Quality of western Canadian pulse crops. |
| 588 | |aDescription based on: 2009; title from PDF cover page. |
| 588 | |aLatest issue consulted: 2024. |
| 650 | 0|aLentils|xQuality|zCanada, Western|vPeriodicals. |
| 655 | 7|aPeriodicals|2lcgft |
| 710 | 2 |aCanadian Grain Commission, |eissuing body. |
| 710 | 2 |aGrain Research Laboratory (Canada), |eissuing body. |
| 775 | 08|tQualité des lentilles de l'Ouest canadien.|w(CaOODSP)9.887003 |
| 780 | 00|tQuality of western Canadian pulse crops |w(CaOODSP)9.507251 |